000 00643nam a2200181Ia 4500
008 090123s9999 xx 000 0 und d
082 _b11278
100 _aशर्मा ओमप्रकाश
245 _aदेशद्रोही वैज्ञानिक
250 _a1
260 _bमोहन पॉकेट बुक्स
_c1986
300 _a266
600 _aशर्मा ओमप्रकाश
630 _aदेशद्रोही वैज्ञानिक
700 _aशर्मा ओमप्रकाश
730 _aदेशद्रोही वैज्ञानिक
942 _cBOOK
999 _c49341
_d49341